| 000 | 00762nam a2200265Ia 4500 | ||
|---|---|---|---|
| 003 | OSt | ||
| 005 | 20221006160146.0 | ||
| 006 | a|||||r|||| 00| 0 | ||
| 007 | ta | ||
| 008 | 221006b |||||||| |||| 00| 0 eng d | ||
| 020 |
_a9788988095508 _c _414.92 |
||
| 024 | _a44,473 | ||
| 037 |
_bGift, KCC (Window on Korea) _cTextual |
||
| 040 |
_aEASL _cEASL _beng |
||
| 041 |
_2eng _aeng |
||
| 082 | _aO495,3N10, P4 | ||
| 100 |
_aYi Sang _9672147 |
||
| 245 | 0 | _aWings | |
| 260 |
_aSeoul _bJimoondang _c2004 |
||
| 300 |
_a88p. _ccm. |
||
| 490 |
_v KEL _a(Short fiction) The portable library of Korean literature No.1 |
||
| 650 | _aKEL | ||
| 942 |
_hO495,3N10, P4 _cTEXL _2CC |
||
| 999 |
_c1112565 _d1112565 |
||